| 000 | 00459nam a2200181Ia 4500 | ||
|---|---|---|---|
| 005 | 20240823045522.0 | ||
| 008 | 240823s9999||||xx |||||||||||||| ||und|| | ||
| 041 | _aENGLISH | ||
| 082 | _A621.382 | ||
| 100 | _aSandeep Singhal [et al] | ||
| 245 | 0 | _aWAP-The Wireless Application Protocol | |
| 250 | _a1st | ||
| 260 | _bPearson Education Internat | ||
| 500 | _aTRANSFERED | ||
| 650 |
_aProtocols _bSoftware Engineering |
||
| 942 | _cBK | ||
| 999 |
_c215145 _d215145 |
||